Préfectures de France : Beauvais - Statistiques

Statistiques générales
  • Ce quiz a été pris 33 fois
  • Le résultat moyen est 12 sur 28
Statistiques - réponses
Question Réponse % Correct
Quel numéro porte celui-ci ? 60
97%
De quel département est-ce la préfecture ? Oise
93%
La ville appartient au diocèse de/d' Beauvais
90%
A quelle région administrative appartient la ville depuis 2015 ? Hauts-de-France
90%
La ville appartient à l'académie de/d' Amiens
87%
Comment se nomment ses habitants ? Beauvaisiens
77%
Quelles sont les sous-préfectures qui en dépendent ? Compiègne
67%
La cathédrale est dédiée à St Pierre
63%
La ville est desservie par l'autoroute A 16
60%
La couleur principal du blason est le/la/l' rouge
60%
Héroïne locale dont on peut voir la statue (prénom et nom) Jeanne Hachette
53%
Quelles sont les sous-préfectures qui en dépendent ? Clermont
50%
Quelles sont les sous-préfectures qui en dépendent ? Senlis
50%
Les communes limitrophes dont le nom contient un O sont Allonne
43%
Les journaux disposant d'une édition locale sont Le Courrier Picard
33%
La ville est baignée par la/le Thérain
33%
Les journaux disposant d'une édition locale sont Le Parisien
23%
Les communes limitrophes dont le nom contient un O sont Therdonne
20%
Les communes limitrophes dont le nom contient un O sont Goincourt
13%
Citez une des communes rattachées à Beauvais en 1943 Marissel | Saint-Just-des-Marais | Voisinlieu | Notre-Dame-du-Thil
10%
Les communes limitrophes dont le nom contient un O sont Saint-Martin-le-Nœud
10%
Les communes limitrophes dont le nom contient un O sont Troissereux
10%
Le journal local est L'observateur de Beauvais
7%
Le peuple gaulois installé dans la région est celui des Bellovaques
3%
Les communes limitrophes dont le nom contient un O sont Fouquenies
3%
Les communes limitrophes dont le nom contient un O sont Le Mont-Saint-Adrien
3%
Le 1er évêque de Beauvais est Lucien
3%
Quel est le nom de la commune au 1er siècle avant JC ? Bratuspantium
0%
Aucun quiz correspondant
Distribution des résultats
% des personnes avec chaque résultat
Percentile par nombre de réponses
Votre historique - résultats
Vous n’avez pas pris ce quiz